000 00969nam a22003017a 4500
003 CHAP
005 20220817042151.0
008 971013s1973 r 00010 d
010 _a36535
011 _a37507
035 _a41627
040 _cCHAP
082 _a633.34
_bM48
110 _aMéxico. Dirección General de Agricultura
245 _aProducción comercial de soya en México, aspectos ecológicos
_b: zonas de producción actual
260 _a(s.l.) :
_bLa Dirección,
_c1973
300 _a59 p
590 _aBATCH-UPD
_b10
_c20130110
_lUCH01
_h1604
590 _aBATCH-UPD
_b10
_c20130410
_lUCH01
_h1001
590 _aBATCH-UPD
_b10
_c20130914
_lUCH01
_h1249
590 _aCONVERSION
_b10
_c20130109
_lUCH01
_h1320
650 1 4 _aEcología agrícola.
_935165
650 1 4 _aSoya
_xFechas de siembra.
_9109050
650 1 4 _aSoya
_xRendimiento.
_9109084
901 _aBK
942 _cLIBRO
949 _a633.34 M48
_bBC
_cLIBRO
_d-95582
_eLIBRO
_h42568
_i41627
_mD
_si
999 _c36535
_d36535